|
|
|
|
| LEADER |
00000nab a2200000 a 4500 |
| 001 |
vtls001493197 |
| 003 |
SK-MaSNL |
| 005 |
20260303075405.0 |
| 008 |
050210c2004 xo wr|p|||||||000 b|slo |
| 015 |
|
|
|a PPPK2004
|2 pppkcl
|
| 038 |
|
|
|a PPPK
|
| 040 |
|
|
|a PPPKCL
|b slo
|c PPPKCL
|e AACR2
|
| 041 |
0 |
|
|a slo
|
| 044 |
|
|
|a xo
|c SK
|
| 080 |
|
|
|a 551.524
|2 UDC-MRF-SK2
|
| 100 |
1 |
|
|a (red)
|4 aut
|9 848321
|
| 245 |
1 |
0 |
|a Padol teplotný rekord
|c [autor] (red)
|
| 610 |
2 |
7 |
|a Slovenský hydrometeorologický ústav (Bratislava, Slovensko)
|b Meteorologická stanica (Poprad, Slovensko)
|2 pppkcl
|9 1044150
|
| 648 |
|
7 |
|a november 2004
|2 pppkcl
|9 1026567
|
| 650 |
0 |
7 |
|a meteorológia
|x meteorologické merania
|2 pppkcl
|9 1079799
|
| 650 |
0 |
7 |
|a teplota vzduchu
|x teplotné rekordy
|x porovnania
|y 1989
|2 pppkcl
|9 1079800
|
| 651 |
|
7 |
|a Poprad (Slovensko)
|2 pppkcl
|9 20155
|
| 651 |
|
7 |
|a Gánovce (Slovensko)
|2 pppkcl
|9 31196
|
| 773 |
0 |
|
|t Podtatranské noviny
|g Roč. XLV, č. 45 (2004), s. 2
|x 1210-2423
|
| 852 |
|
|
|a PPPK
|b KIS3GCP
|
| 999 |
|
|
|c 1775615
|d 1777545
|